| 000 -ლიდერი |
| ფიქსირებული სიგრძის საკონტროლო ველი |
01066nam a2200229Ia 4500 |
| 001 - საკონტროლო ნომერი |
| საკონტროლო ველი |
17960 |
| 003 - საკონტროლო ნომრის იდენტიფიკატორი |
| საკონტროლო ველი |
GE_BSU |
| 005 - ბოლო ოპერაციის თარიღი და დრო |
| საკონტროლო ველი |
20200302113847.0 |
| 008 - ფიქსირებული სიგრძის მონაცემთა ელემენტები - ზოგადი ინფორმაცია |
| ფიქსირებული სიგრძის საკონტროლო ველი |
181216s1973ge xx |||||||||||||| ||geo|| |
| 040 ## - კატალოგიზაციის წყარო |
| Transcribing agency |
GE_BSU |
| 041 ## - ენის კოდი |
| Language code of text/sound track or separate title |
geo |
| 080 ## - უნივერსალური ათობითი კლასიფიკაციის ინდექსი |
| Universal Decimal Classification number |
811.353.1მ-59 |
| 245 ## - ცნობა სათაურის შესახებ |
| Title |
მეტყველების ანალიზის საკითხები : |
| Remainder of title |
IV. ტ. 4 : Вопросы анализа речи / |
| Statement of responsibility, etc |
რედ. ჯ.ჯაფარიძე. |
| 264 ## - წარმოების, გამოცემის, დისტრიბუციის და სხვა ცნობები |
| გამოცემის, წარმოების, დისტრიბუციის... ადგილი |
თბილისი : |
| გამოცემის, წარმოების, დისტრიბუციის... სახელწოდება |
მეცნიერება, |
| გამოცემის, წარმოების, დისტრიბუციის... თარიღი |
1973. |
| 300 ## - ფიზიკური აღწერა |
| Extent |
160 გვ.: |
| Dimensions |
26 სმ. |
| 546 ## - LANGUAGE NOTE |
| Language note |
ზოგიერთი სტატია და რეზ. რუს. ენ |
| 653 ## - INDEX TERM--UNCONTROLLED |
| Uncontrolled term |
Вопросы анализа речи |
| 653 ## - INDEX TERM--UNCONTROLLED |
| Uncontrolled term |
მეტყველების ანალიზი; ქართული ენის ფონეტიკა |
| 653 ## - INDEX TERM--UNCONTROLLED |
| Uncontrolled term |
მეტყველების ანალიზის საკითხები |
| 700 ## - ADDED ENTRY--PERSONAL NAME |
| Personal name |
ჯაფარიძე, ჯ |
| Relator term |
რედაქტორი |
| 9 (RLIN) |
7400 |
| 942 ## - ADDED ENTRY ELEMENTS (KOHA) |
| Koha item type |
წიგნი |
| Source of classification or shelving scheme |
|